00293nam a2200121Ia 4500008004100000100002100041245002600062260002800088300000900116650002200125942000700147999001700154190216s9999||||xx |||||||||||||| ||und|| aVijayalaksmi Pub 0aConstitution Of India bVijayalakshmi Pubc1992 a284p aPolitical Science cBK c34872d34872